[Event "M.Chigorin Memorial A"]
[Site "St. Petersburg RUS"]
[Date "2007.12.03"]
[Round "3.14"]
[White "Pogosian, Vladimir"]
[Black "Gubajdullin, Alexei"]
[Result "0-1"]
[WhiteElo "2255"]
[BlackElo "2475"]
[PlyCount "52"]
[EventDate "2007.??.??"]

1. e4 c5 2. Nc3 Nc6 3. f4 g6 4. Bc4 Bg7 5. d3 e6 6. f5 gxf5 7. Nf3 Nge7 8. Ng5
h6 9. Nxf7 Kxf7 10. O-O d5 11. exf5 exf5 12. Bb3 Be6 13. g4 Nd4 14. gxf5 Nexf5
15. Qh5+ Kg8 16. Bd2 c4 17. dxc4 dxc4 18. Rae1 Bf7 19. Qg4 cxb3 20. Ne4 Qh4 21.
Qg2 bxc2 22. Bc3 Kh7 23. Ng3 Rhg8 24. Qxb7 Nxg3 25. Qxf7 Nxf1 26. Rxf1 Qg4+ 0-1

[Event "M.Chigorin Memorial A"]
[Site "St. Petersburg RUS"]
[Date "2007.12.03"]
[Round "3.15"]
[White "Utkin, Aleksey"]
[Black "Solovjov, Sergey I"]
[Result "1/2-1/2"]
[WhiteElo "2389"]
[BlackElo "2461"]
[PlyCount "36"]
[EventDate "2007.??.??"]

1. d4 Nf6 2. Nf3 g6 3. Nc3 Bg7 4. e4 d6 5. h3 O-O 6. Be3 Nc6 7. Qd2 e5 8. dxe5
dxe5 9. O-O-O Qxd2+ 10. Rxd2 a6 11. Bc4 h6 12. Rhd1 b5 13. Bd5 Bb7 14. Bxc6
Bxc6 15. Nxe5 Bxe4 16. Nd7 Nxd7 17. Nxe4 Ne5 18. Bd4 Rfe8 1/2-1/2

[Event "M.Chigorin Memorial A"]
[Site "St. Petersburg RUS"]
[Date "2007.12.03"]
[Round "3.16"]
[White "Kashlinskaya, Alina"]
[Black "Shimanov, Aleksandr"]
[Result "0-1"]
[WhiteElo "2263"]
[BlackElo "2447"]
[PlyCount "60"]
[EventDate "2007.??.??"]

1. d4 d6 2. Nf3 Bg4 3. e4 Nf6 4. Nc3 e6 5. h3 Bh5 6. g4 Bg6 7. Qe2 c6 8. h4 h5
9. g5 Nfd7 10. d5 cxd5 11. exd5 e5 12. Bh3 Be7 13. Be3 Na6 14. O-O Nac5 15. a3
Rc8 16. Rac1 a5 17. b4 axb4 18. axb4 Na6 19. Na4 O-O 20. Qb5 Rc7 21. Nb6 Nab8
22. Na8 Rc3 23. Qxb7 f5 24. gxf6 Rxf6 25. Ng5 Bf5 26. Bxf5 Rxf5 27. Kh2 Bxg5
28. Bxg5 Rxg5 29. hxg5 Qxg5 30. Rh1 Qg4 0-1

[Event "M.Chigorin Memorial A"]
[Site "St. Petersburg RUS"]
[Date "2007.12.03"]
[Round "3.17"]
[White "Aleksandrov, Aleksej"]
[Black "Ponfilenok, Vladimir"]
[Result "1/2-1/2"]
[WhiteElo "2614"]
[BlackElo "2412"]
[PlyCount "124"]
[EventDate "2007.??.??"]

1. d4 e6 2. c4 f5 3. g3 Nf6 4. Bg2 c6 5. Nf3 d5 6. O-O Bd6 7. b3 Qe7 8. a4 a5
9. Ba3 Bxa3 10. Nxa3 O-O 11. Ne5 Na6 12. Qd2 Nb4 13. Rac1 Nd7 14. f4 Nxe5 15.
fxe5 Bd7 16. Nc2 Nxc2 17. Rxc2 Be8 18. c5 g5 19. Rb2 Bg6 20. b4 axb4 21. Rxb4
Ra7 22. e3 Rf7 23. Ra1 Qf8 24. a5 f4 25. exf4 gxf4 26. gxf4 Rxf4 27. Rb3 Kh8
28. Rf1 Rxf1+ 29. Bxf1 Qd8 30. Qh6 Rxa5 31. Rxb7 Qg8 32. Kf2 Ra8 33. Be2 Rf8+
34. Ke3 Rf7 35. Rb3 Bc2 36. Ra3 Bf5 37. Kd2 Qb8 38. Kc3 Kg8 39. Qc1 Rb7 40. Qa1
Kg7 41. Bd3 Bxd3 42. Kxd3 Rb1 43. Qc3 Rb2 44. Qe1 Rg2 45. Ke3 Qb2 46. Rd3 Rg4
47. Qd2 Re4+ 48. Kf2 Qxd2+ 49. Rxd2 Kg6 50. Rd3 Kg5 51. Rg3+ Kh4 52. Rg7 Rxd4
53. Re7 Rf4+ 54. Kg2 Rc4 55. Rxe6 Rxc5 56. Rh6+ Kg5 57. e6 d4 58. Rxh7 Re5 59.
Rd7 c5 60. e7 Kf6 61. Rd5 Rxe7 62. Rxc5 Rd7 1/2-1/2

[Event "M.Chigorin Memorial A"]
[Site "St. Petersburg RUS"]
[Date "2007.12.03"]
[Round "3.18"]
[White "Bodnaruk, Anastasia"]
[Black "Alavkin, Arseny"]
[Result "0-1"]
[WhiteElo "2331"]
[BlackElo "2442"]
[PlyCount "74"]
[EventDate "2007.??.??"]

1. e4 e6 2. Qe2 Be7 3. Nf3 d5 4. d3 Nf6 5. g3 b6 6. e5 Nfd7 7. Bg2 c5 8. O-O
Nc6 9. c4 d4 10. Nfd2 Bb7 11. f4 Qc7 12. Ne4 O-O-O 13. Na3 a6 14. Nc2 Rde8 15.
a3 h5 16. h4 f6 17. exf6 gxf6 18. Bd2 f5 19. Ng5 Bxg5 20. hxg5 h4 21. Qf2 h3
22. Bf3 Nce5 23. fxe5 Nxe5 24. Ne1 h2+ 25. Kh1 Nxf3 26. Nxf3 e5 27. Rae1 e4 28.
Bf4 Qc6 29. dxe4 fxe4 30. Qc2 d3 31. Qf2 exf3 32. Be5 d2 33. Re3 Qd7 34. Rd1
Qh3 35. Bxh8 Qg2+ 36. Qxg2 fxg2+ 37. Kxh2 Rxh8+ 0-1

[Event "M.Chigorin Memorial A"]
[Site "St. Petersburg RUS"]
[Date "2007.12.03"]
[Round "3.19"]
[White "Levin, Evgeny A"]
[Black "Tarasova, Viktoriya"]
[Result "1-0"]
[WhiteElo "2428"]
[BlackElo "2277"]
[PlyCount "81"]
[EventDate "2007.??.??"]

1. d4 d5 2. c4 c6 3. e3 e6 4. Nf3 f5 5. Bd3 Nf6 6. Nc3 g6 7. b3 Bg7 8. O-O O-O
9. Bb2 Nbd7 10. Ne2 Ne4 11. Nf4 Re8 12. Be2 Ng5 13. Nd2 Nf7 14. Qc2 dxc4 15.
Bxc4 Nb6 16. Nd3 Nd5 17. Nf3 Bd7 18. Nde5 Nxe5 19. Nxe5 Rc8 20. Qe2 a6 21. e4
fxe4 22. Qxe4 Rf8 23. f4 Bxe5 24. dxe5 b5 25. Bxd5 cxd5 26. Qd3 b4 27. Qxa6 Rc2
28. Bd4 Qh4 29. Qd3 Rfc8 30. h3 Qe7 31. Rf2 R2c7 32. Re1 Qe8 33. Qd2 Qe7 34.
Qd3 Kh8 35. Kh2 Qh4 36. g3 Qe7 37. g4 Rc3 38. Bxc3 Rxc3 39. Qd2 Qh4 40. Re3 d4
41. Rxc3 1-0

[Event "M.Chigorin Memorial A"]
[Site "St. Petersburg RUS"]
[Date "2007.12.03"]
[Round "3.20"]
[White "Pankov, German"]
[Black "Lovkov, Roman"]
[Result "1/2-1/2"]
[WhiteElo "2367"]
[BlackElo "2457"]
[PlyCount "43"]
[EventDate "2007.??.??"]

1. d4 Nf6 2. Nf3 g6 3. c4 Bg7 4. Nc3 O-O 5. e4 d6 6. Be2 e5 7. O-O exd4 8. Nxd4
Re8 9. f3 Nc6 10. Be3 Nh5 11. Qd2 Nf4 12. Rfd1 Nxd4 13. Bxd4 Bxd4+ 14. Qxd4
Nxe2+ 15. Nxe2 b6 16. Nc3 Bb7 17. Nd5 Bxd5 18. cxd5 Qg5 19. Rac1 Re7 20. Qd2
Qh5 21. Qd3 Rf8 22. Rc4 1/2-1/2

[Event "M.Chigorin Memorial A"]
[Site "St. Petersburg RUS"]
[Date "2007.12.03"]
[Round "3.21"]
[White "Bratus, Pater P"]
[Black "Rozum, Ivan"]
[Result "0-1"]
[WhiteElo "2211"]
[BlackElo "2411"]
[PlyCount "122"]
[EventDate "2007.??.??"]

1. c4 Nf6 2. Nf3 g6 3. Nc3 Bg7 4. e4 O-O 5. d4 d6 6. Be2 Bg4 7. Be3 Nfd7 8. Ng1
Bxe2 9. Ngxe2 c5 10. O-O Nc6 11. h3 e5 12. dxc5 dxc5 13. f4 exf4 14. Nxf4 Bxc3
15. bxc3 Nce5 16. Qe2 Qa5 17. Rab1 b6 18. Nd5 f6 19. Bf4 Rae8 20. Bxe5 Rxe5 21.
Qg4 Rf7 22. Rbd1 Kg7 23. Rf2 Qa4 24. Ne3 Kh8 25. Rfd2 Ree7 26. Qf4 Ne5 27. Rd8+
Re8 28. Ng4 Nxg4 29. hxg4 Kg7 30. Rxe8 Qxd1+ 31. Kh2 Qd7 32. Ra8 Qb7 33. Rd8 g5
34. Qb8 Qxe4 35. Rg8+ Kh6 36. Qg3 Qf4 37. Qxf4 gxf4 38. Kg1 Rd7 39. Kf2 Rd2+
40. Kf3 Rxa2 41. Kxf4 Rxg2 42. Ra8 Rc2 43. Rxa7 Rxc3 44. Rb7 Kg6 45. Rxb6 Rxc4+
46. Kf3 Kg5 47. Rb5 Rc3+ 48. Kf2 Kxg4 49. Rb6 Rf3+ 50. Kg2 h5 51. Rc6 Rf5 52.
Rc8 h4 53. Rg8+ Rg5 54. Rc8 Rd5 55. Rg8+ Kf4 56. Kh3 f5 57. Kxh4 Rd2 58. Kh3 c4
59. Rc8 Rc2 60. Rc5 c3 61. Rc4+ Ke3 0-1

[Event "M.Chigorin Memorial A"]
[Site "St. Petersburg RUS"]
[Date "2007.12.04"]
[Round "4.1"]
[White "Zhigalko, Andrey"]
[Black "Mamedov, Rauf"]
[Result "0-1"]
[WhiteElo "2554"]
[BlackElo "2582"]
[PlyCount "72"]
[EventDate "2007.??.??"]

1. e4 c5 2. Nf3 a6 3. c3 d6 4. d4 Qc7 5. h3 g6 6. Bd3 Bg7 7. O-O Nf6 8. Re1 Nc6
9. dxc5 dxc5 10. e5 Nd7 11. e6 fxe6 12. Ng5 Nde5 13. Bc2 c4 14. Bf4 O-O 15. Bg3
h6 16. Ne4 b5 17. a4 b4 18. Nbd2 Qd8 19. Qe2 b3 20. Bd1 Qd5 21. Qf1 Nd3 22. Re3
Nxb2 23. Be2 Na5 24. Rb1 Nd3 25. Bc7 Nxf2 26. Bf3 Rxf3 27. gxf3 Nxe4 28. Nxe4
Bb7 29. Bxa5 Qxa5 30. Qxc4 Bd5 31. Qc5 Qxa4 32. Qxe7 Rf8 33. Qh4 Qc6 34. Nd2 a5
35. Kf2 g5 36. Qg3 Rf4 0-1

[Event "M.Chigorin Memorial A"]
[Site "St. Petersburg RUS"]
[Date "2007.12.04"]
[Round "4.3"]
[White "Kokarev, Dmitry"]
[Black "Movsesian, Sergei"]
[Result "0-1"]
[WhiteElo "2550"]
[BlackElo "2670"]
[PlyCount "92"]
[EventDate "2007.??.??"]

1. e4 c5 2. Nf3 e6 3. d4 cxd4 4. Nxd4 Nf6 5. Nc3 d6 6. g4 h6 7. h4 Nc6 8. Rg1
h5 9. gxh5 Nxh5 10. Bg5 Qb6 11. Nb3 a6 12. Qd2 Bd7 13. O-O-O Qc7 14. Kb1 Ne5
15. Nd4 b5 16. f4 b4 17. fxe5 bxc3 18. exd6 Bxd6 19. Qxc3 Qxc3 20. bxc3 Bc7 21.
Bc4 Rb8+ 22. Ka1 a5 23. Rb1 O-O 24. Bb5 Bxb5 25. Rxb5 Ng3 26. Re1 Rxb5 27. Nxb5
Be5 28. Kb2 f6 29. Be3 Nxe4 30. Bd4 Nd2 31. Re2 Nf3 32. Re3 Rb8 33. Rxf3 Rxb5+
34. Ka3 Bd6+ 35. Ka4 Rb2 36. Kxa5 e5 37. Bb6 Rxa2+ 38. Kb5 Rxc2 39. Rd3 Be7 40.
c4 Kf7 41. c5 e4 42. Rg3 f5 43. h5 Bh4 44. Ra3 Rb2+ 45. Kc6 Bf2 46. Ba7 Ke6 0-1

[Event "M.Chigorin Memorial A"]
[Site "St. Petersburg RUS"]
[Date "2007.12.04"]
[Round "4.4"]
[White "Popov, Valerij"]
[Black "Yevseev, Denis"]
[Result "1/2-1/2"]
[WhiteElo "2580"]
[BlackElo "2499"]
[PlyCount "41"]
[EventDate "2007.??.??"]

1. d4 d5 2. c4 e6 3. Nc3 Nf6 4. cxd5 exd5 5. Bg5 Be7 6. e3 c6 7. Qc2 O-O 8. Bd3
Nbd7 9. Nf3 Re8 10. O-O Nf8 11. Rae1 Ne4 12. Bxe7 Qxe7 13. Bxe4 dxe4 14. Nd2 f5
15. d5 Bd7 16. Qb3 cxd5 17. Qxb7 Reb8 18. Qxd5+ Be6 19. Qc6 Bd7 20. Qc4+ Be6
21. Qc6 1/2-1/2

[Event "M.Chigorin Memorial A"]
[Site "St. Petersburg RUS"]
[Date "2007.12.04"]
[Round "4.5"]
[White "Safarli, Eltaj"]
[Black "Tihonov, Jurij"]
[Result "1-0"]
[WhiteElo "2487"]
[BlackElo "2522"]
[PlyCount "97"]
[EventDate "2007.??.??"]

1. e4 c5 2. Nc3 d6 3. Nf3 Nf6 4. g3 Nc6 5. Bg2 g6 6. O-O Bg7 7. d3 O-O 8. h3
Ne8 9. Ne1 e5 10. f4 exf4 11. Bxf4 Nc7 12. g4 Be6 13. Qd2 Qd7 14. Nf3 b5 15.
Bh6 Bxh6 16. Qxh6 f6 17. Ne2 Ne5 18. Ng3 Rad8 19. Rf2 a5 20. Raf1 Qg7 21. Qe3
b4 22. c4 Bc8 23. b3 Ne6 24. Ne2 Qe7 25. d4 cxd4 26. Nfxd4 Nxd4 27. Qxd4 Bb7
28. Nf4 Bc6 29. Qb6 Ra8 30. Rd1 Rfb8 31. Qd4 Rd8 32. Rfd2 Nf7 33. Qb6 Rdc8 34.
e5 Nxe5 35. Rxd6 Rab8 36. Qf2 Rd8 37. Qc5 Rxd6 38. Qxd6 Qxd6 39. Rxd6 Bxg2 40.
Kxg2 a4 41. Nd5 f5 42. gxf5 gxf5 43. c5 axb3 44. axb3 Rb5 45. c6 Nxc6 46. Nf6+
Kg7 47. Rxc6 Ra5 48. Nh5+ Kf7 49. Rb6 1-0

[Event "M.Chigorin Memorial A"]
[Site "St. Petersburg RUS"]
[Date "2007.12.04"]
[Round "4.6"]
[White "Romanov, Evgeny"]
[Black "Gubajdullin, Alexei"]
[Result "1/2-1/2"]
[WhiteElo "2515"]
[BlackElo "2475"]
[PlyCount "41"]
[EventDate "2007.??.??"]

1. d4 d5 2. Nf3 Nf6 3. c4 c6 4. Nc3 dxc4 5. a4 Bf5 6. Ne5 Nbd7 7. Nxc4 Qc7 8.
g3 e5 9. dxe5 Nxe5 10. Bf4 Nfd7 11. Bg2 g5 12. Ne3 gxf4 13. Nxf5 O-O-O 14. Qc2
Kb8 15. O-O fxg3 16. hxg3 h5 17. Rfd1 Ng6 18. Rac1 h4 19. Nb5 Qb6 20. Nbd4 Bb4
21. Qb3 1/2-1/2

[Event "M.Chigorin Memorial A"]
[Site "St. Petersburg RUS"]
[Date "2007.12.04"]
[Round "4.7"]
[White "Smirnov, Artem"]
[Black "Maslak, Konstantin"]
[Result "0-1"]
[WhiteElo "2416"]
[BlackElo "2510"]
[PlyCount "78"]
[EventDate "2007.??.??"]

1. d4 Nf6 2. Bg5 Ne4 3. Bf4 c5 4. f3 Qa5+ 5. c3 Nf6 6. d5 Qb6 7. e4 Qxb2 8. Nd2
Qxc3 9. Bc7 d6 10. Ne2 Qd3 11. Rb1 b6 12. Ng3 Qe3+ 13. Be2 Bd7 14. Qc2 g6 15.
Nc4 Qf4 16. Bd3 Bg7 17. Ne2 Qh4+ 18. g3 Qh6 19. Nxd6+ exd6 20. Bxd6 g5 21. Bc4
Ng4 22. e5 Bxe5 23. Bxe5 Nxe5 24. Qe4 Qf6 25. f4 Bf5 26. Qxe5+ Qxe5 27. fxe5
Bxb1 28. O-O Bg6 29. Nc3 O-O 30. Re1 Kg7 31. Nb5 a6 32. Nc7 Ra7 33. d6 Bf5 34.
e6 fxe6 35. Bxe6 Nc6 36. Bd5 Nd4 37. Re7+ Kh6 38. h4 gxh4 39. gxh4 Rd8 0-1

[Event "M.Chigorin Memorial A"]
[Site "St. Petersburg RUS"]
[Date "2007.12.04"]
[Round "4.8"]
[White "Gasanov, Eldar"]
[Black "Slugin, Sergey"]
[Result "1/2-1/2"]
[WhiteElo "2504"]
[BlackElo "2403"]
[PlyCount "95"]
[EventDate "2007.??.??"]

1. c4 c6 2. d4 d5 3. Nf3 Nf6 4. Nc3 a6 5. c5 Nbd7 6. Bf4 Nh5 7. Bg5 h6 8. Bd2
Qc7 9. e4 dxe4 10. Nxe4 Ndf6 11. Nc3 Be6 12. Ne5 g6 13. g4 Ng7 14. Bg2 Rd8 15.
Qa4 Nxg4 16. Nxg4 Bxg4 17. d5 Bd7 18. Bf4 Qc8 19. Qa5 Nf5 20. Bc7 Bg7 21. Bxd8
Qxd8 22. Qxd8+ Kxd8 23. O-O-O Kc7 24. Rhe1 Bxc3 25. bxc3 cxd5 26. Bxd5 e6 27.
Be4 Bc6 28. Bxf5 gxf5 29. Rg1 Bd5 30. Rg7 Kc6 31. Rdg1 Bxa2 32. Rg8 Rxg8 33.
Rxg8 Kxc5 34. Rh8 Kd6 35. Rxh6 Ke7 36. f4 Bd5 37. Kd2 Bc6 38. Rh8 f6 39. Rh7+
Kf8 40. c4 a5 41. h4 e5 42. Ke3 a4 43. c5 Bd5 44. Rd7 Bc6 45. Rc7 Bd5 46. Rd7
Bc6 47. Rc7 Bd5 48. Rd7 1/2-1/2

[Event "M.Chigorin Memorial A"]
[Site "St. Petersburg RUS"]
[Date "2007.12.04"]
[Round "4.10"]
[White "Yemelin, Vasily"]
[Black "Gorovykh, Eduard"]
[Result "1-0"]
[WhiteElo "2564"]
[BlackElo "2402"]
[PlyCount "49"]
[EventDate "2007.??.??"]

1. e4 e6 2. d4 d5 3. e5 c5 4. c3 Nc6 5. Nf3 Qb6 6. a3 Nh6 7. b4 cxd4 8. cxd4
Nf5 9. Bb2 Bd7 10. h4 h5 11. g3 Rc8 12. Bh3 a5 13. O-O axb4 14. axb4 Nh6 15.
Nc3 Bxb4 16. Ne2 Na5 17. Nf4 g6 18. Rb1 Qc7 19. Bc1 Be7 20. Ng5 Nc4 21. Ngxe6
Bxe6 22. Bxe6 fxe6 23. Nxg6 Kf7 24. Qxh5 Kg7 25. Nf4 1-0

[Event "M.Chigorin Memorial A"]
[Site "St. Petersburg RUS"]
[Date "2007.12.04"]
[Round "4.11"]
[White "Levin, Evgeny A"]
[Black "Evdokimov, Alexander A"]
[Result "1-0"]
[WhiteElo "2428"]
[BlackElo "2562"]
[PlyCount "55"]
[EventDate "2007.??.??"]

1. d4 Nf6 2. Nf3 g6 3. Bg5 Ne4 4. Bf4 Bg7 5. Nbd2 d5 6. e3 c5 7. c3 O-O 8. Nxe4
dxe4 9. Nd2 cxd4 10. exd4 Bf5 11. g4 Bd7 12. Bg2 Qb6 13. O-O f5 14. gxf5 gxf5
15. Nc4 Qb5 16. Qb3 e6 17. f3 exf3 18. Bxf3 Qxb3 19. axb3 Nc6 20. b4 Kh8 21. b5
Nxd4 22. cxd4 Bxd4+ 23. Kh1 Bxb5 24. Rfd1 Bg7 25. Ne5 Rac8 26. Rxa7 Rc2 27.
Rxb7 Rxb2 28. Rg1 1-0

[Event "M.Chigorin Memorial A"]
[Site "St. Petersburg RUS"]
[Date "2007.12.04"]
[Round "4.12"]
[White "Matlakov, Maxim"]
[Black "Solovjov, Sergey I"]
[Result "1-0"]
[WhiteElo "2441"]
[BlackElo "2461"]
[PlyCount "105"]
[EventDate "2007.??.??"]

1. d4 d5 2. c4 c6 3. Nc3 Nf6 4. e3 e6 5. Bd2 Nbd7 6. Rc1 Bd6 7. cxd5 exd5 8.
Bd3 Qe7 9. f3 O-O 10. Nge2 c5 11. O-O cxd4 12. exd4 Nb6 13. Bg5 h6 14. Bh4 Bd7
15. Qd2 Rfe8 16. Kh1 Nc4 17. Bxc4 dxc4 18. Rce1 Qe3 19. Qxe3 Rxe3 20. Bxf6 gxf6
21. Ne4 Be7 22. Nf4 Rxe1 23. Rxe1 f5 24. Nd5 fxe4 25. Nxe7+ Kf8 26. Rxe4 Rd8
27. d5 Be6 28. h4 Bxd5 29. Nxd5 Rxd5 30. Rxc4 Rd2 31. Rb4 b6 32. Kh2 Kg7 33.
Rb5 Kg6 34. Kh3 h5 35. g4 hxg4+ 36. fxg4 Rd3+ 37. Kg2 Kh6 38. Rb3 Rd1 39. Kg3
Rg1+ 40. Kf4 Rh1 41. h5 Rh2 42. a4 Rf2+ 43. Kg3 Rc2 44. Rb4 f5 45. gxf5 Kxh5
46. Kf4 Rf2+ 47. Ke5 Kg5 48. Rb5 Re2+ 49. Kd6 Rc2 50. b4 Ra2 51. Ke6 a6 52.
Rxb6 Rxa4 53. f6 1-0

[Event "M.Chigorin Memorial A"]
[Site "St. Petersburg RUS"]
[Date "2007.12.04"]
[Round "4.13"]
[White "Utkin, Aleksey"]
[Black "Konovalov, Nikolay"]
[Result "1-0"]
[WhiteElo "2389"]
[BlackElo "2453"]
[PlyCount "119"]
[EventDate "2007.??.??"]

1. d4 Nf6 2. Nf3 c5 3. c3 d6 4. dxc5 dxc5 5. Qxd8+ Kxd8 6. g3 e6 7. Bg2 Bd6 8.
Na3 Nbd7 9. O-O Ke7 10. Rd1 Rd8 11. Nc4 Bc7 12. Bf4 Bxf4 13. gxf4 Nd5 14. f5
Nf4 15. fxe6 fxe6 16. Bf1 b6 17. e3 Ng6 18. Bg2 Bb7 19. Nh4 Bxg2 20. Nxg6+ hxg6
21. Kxg2 Rh8 22. Rd2 Rh5 23. Rad1 Nf6 24. f3 Rah8 25. Kg1 Rg5+ 26. Kh1 Rd5 27.
Rxd5 Nxd5 28. Ne5 Rh5 29. Nc6+ Kf6 30. e4 Ne3 31. Rd7 Rh3 32. Rd8 Kg5 33. Rf8
Rh4 34. Nd8 Rh7 35. Nxe6+ Kh4 36. Rf4+ Kh5 37. Rf7 Rh8 38. Rxa7 Kh6 39. Rb7 Ra8
40. a3 Nc4 41. b3 Nd2 42. Rxb6 Rxa3 43. Kg2 Nxb3 44. h4 Nd2 45. Rb8 g5 46.
hxg5+ Kg6 47. Rb7 Rxc3 48. Rxg7+ Kh5 49. Rh7+ Kg6 50. Rh6+ Kf7 51. Rf6+ Ke7 52.
Nc7 Rc2 53. Nd5+ Ke8 54. Kg3 Nf1+ 55. Kf4 Rg2 56. Rc6 Rc2 57. Ke5 Nd2 58. f4
Rc4 59. Nf6+ Kf7 60. Kf5 1-0

[Event "M.Chigorin Memorial A"]
[Site "St. Petersburg RUS"]
[Date "2007.12.04"]
[Round "4.14"]
[White "Shimanov, Aleksandr"]
[Black "Utegaliyev, Azamat"]
[Result "1-0"]
[WhiteElo "2447"]
[BlackElo "2200"]
[PlyCount "85"]
[EventDate "2007.??.??"]

1. Nf3 c5 2. c4 Nf6 3. Nc3 Nc6 4. g3 e5 5. Bg2 d6 6. a3 Be7 7. d3 O-O 8. Rb1 a5
9. O-O Bg4 10. h3 Bh5 11. Nh4 Qd7 12. g4 Bg6 13. f4 exf4 14. Bxf4 Ne8 15. Nxg6
hxg6 16. Nd5 Rd8 17. Qd2 Nc7 18. Nxc7 Qxc7 19. g5 Nd4 20. Rf2 a4 21. Rbf1 Qd7
22. e3 Ne6 23. h4 b5 24. Bg3 Nc7 25. cxb5 Qxb5 26. d4 Ne6 27. Bd5 cxd4 28. e4
Qd7 29. Qd1 Rde8 30. Qg4 Bd8 31. h5 gxh5 32. Qxh5 Bxg5 33. Rh2 Bh6 34. Kh1 Ng5
35. Bf4 Re5 36. Bxe5 dxe5 37. Rg1 Qe7 38. Qg6 d3 39. Rxh6 d2 40. Rh7 Qf6 41.
Qxf6 gxf6 42. Rh2 Kg7 43. Rxd2 1-0

[Event "M.Chigorin Memorial A"]
[Site "St. Petersburg RUS"]
[Date "2007.12.04"]
[Round "4.15"]
[White "Aleksandrov, Aleksej"]
[Black "Ivanov, Rostislav"]
[Result "1-0"]
[WhiteElo "2614"]
[BlackElo "2355"]
[PlyCount "67"]
[EventDate "2007.??.??"]

1. d4 Nf6 2. c4 c5 3. d5 e6 4. Nc3 exd5 5. cxd5 d6 6. e4 g6 7. f4 Bg7 8. Bb5+
Nfd7 9. Be2 O-O 10. Nf3 Na6 11. O-O Nc7 12. a4 Nf6 13. Bd2 Bg4 14. Be1 Bxf3 15.
Bxf3 Nd7 16. Rb1 Qf6 17. Qc1 a6 18. Bg3 Bh6 19. Kh1 Qd8 20. b4 cxb4 21. Rxb4
Nc5 22. Qb1 Ne8 23. e5 Qa5 24. Ne4 Nd3 25. Rxb7 Nxf4 26. Nxd6 Nxd6 27. exd6
Rad8 28. Qe4 g5 29. h4 Ng6 30. h5 Nf4 31. Qf5 Qc3 32. d7 Qd3 33. Qxd3 Nxd3 34.
Bd6 1-0

[Event "M.Chigorin Memorial A"]
[Site "St. Petersburg RUS"]
[Date "2007.12.04"]
[Round "4.17"]
[White "Kuderinov, Kirill"]
[Black "Demianjuk, Alexander"]
[Result "0-1"]
[WhiteElo "2416"]
[BlackElo "2334"]
[PlyCount "98"]
[EventDate "2007.??.??"]

1. e4 c5 2. Nf3 d6 3. d4 cxd4 4. Nxd4 Nf6 5. Nc3 a6 6. Bc4 e6 7. O-O Be7 8. Bb3
b5 9. f4 Bb7 10. a3 O-O 11. f5 e5 12. Nde2 Nbd7 13. Ng3 Nc5 14. Bg5 Rc8 15.
Bxf6 Bxf6 16. Bd5 Na4 17. Nxa4 bxa4 18. Bxb7 Qb6+ 19. Rf2 Qxb7 20. c3 Rc4 21.
Qd3 Qc6 22. Re2 Bg5 23. Rd1 Rd8 24. Nh5 f6 25. g3 Rc5 26. h4 Bh6 27. g4 d5 28.
Qg3 Qe8 29. Qd3 d4 30. Rg2 Rcc8 31. c4 Rc5 32. Qe2 Be3+ 33. Kh1 h6 34. g5 hxg5
35. hxg5 fxg5 36. Rf1 Qf7 37. Rh2 Qxc4 38. f6 Qxe2 39. Rxe2 Bf4 40. fxg7 d3 41.
Ree1 d2 42. Rd1 Rc6 43. Kg2 Rh6 44. Rh1 Rd3 45. Kf2 g4 46. Ke2 Re3+ 47. Kf2
Rxe4 48. Rh4 Re1 49. Nxf4 Rxd1 0-1

[Event "M.Chigorin Memorial A"]
[Site "St. Petersburg RUS"]
[Date "2007.12.04"]
[Round "4.18"]
[White "Ponfilenok, Vladimir"]
[Black "Kashlinskaya, Alina"]
[Result "1/2-1/2"]
[WhiteElo "2412"]
[BlackElo "2263"]
[PlyCount "72"]
[EventDate "2007.??.??"]

1. d4 Nf6 2. Nf3 g6 3. c4 Bg7 4. g3 c5 5. Bg2 Qa5+ 6. Nbd2 cxd4 7. Nxd4 Nc6 8.
Nb5 a6 9. Nc3 O-O 10. O-O d6 11. Nd5 Be6 12. Nb3 Qd8 13. Bd2 Nd7 14. Qc2 Rc8
15. Bc3 Bxc3 16. Qxc3 Nce5 17. Qb4 Nxc4 18. Qxb7 Rb8 19. Qxa6 Ndb6 20. Nf4 Qd7
21. Nxe6 fxe6 22. Nd4 e5 23. b3 exd4 24. bxc4 Qa4 25. Qb5 Rfc8 26. Qg5 Qd7 27.
Rab1 Kg7 28. Rfc1 Na4 29. Qh4 Qa7 30. Bf3 Nc3 31. Rxb8 Rxb8 32. Kg2 e5 33. e3
Nxa2 34. Ra1 dxe3 35. Rxa2 Qxa2 36. Qe7+ Kh6 1/2-1/2

[Event "M.Chigorin Memorial A"]
[Site "St. Petersburg RUS"]
[Date "2007.12.04"]
[Round "4.19"]
[White "Rozum, Ivan"]
[Black "Pogosian, Vladimir"]
[Result "1-0"]
[WhiteElo "2411"]
[BlackElo "2255"]
[PlyCount "93"]
[EventDate "2007.??.??"]

1. e4 d6 2. d4 Nd7 3. c4 g6 4. Nc3 Bg7 5. Nf3 e6 6. Be2 Ne7 7. O-O h6 8. Be3 g5
9. Rc1 Nf8 10. b4 Nfg6 11. Re1 O-O 12. d5 e5 13. Nd2 f5 14. exf5 Nxf5 15. Nde4
Nf4 16. Bf1 a5 17. a3 Nd4 18. Bxd4 exd4 19. Nb5 d3 20. Bxd3 Be5 21. Ng3 axb4
22. axb4 Qf6 23. Bf1 c6 24. dxc6 bxc6 25. Ne4 Nh3+ 26. gxh3 Qf4 27. Ng3 Qxf2+
28. Kh1 Ra2 29. Re2 Rxe2 30. Qxe2 cxb5 31. Qe4 Qb2 32. Re1 Bf5 33. Qd5+ Kg7 34.
c5 Qc2 35. Bg2 Bxg3 36. hxg3 dxc5 37. Re7+ Kg6 38. Qc6+ Kh5 39. g4+ Bxg4 40.
hxg4+ Kxg4 41. Qd7+ Rf5 42. Kh2 Kh5 43. Qe8+ Kg4 44. Re4+ Rf4 45. Qc8+ Kh5 46.
Rxf4 gxf4 47. Qxc5+ 1-0

[Event "M.Chigorin Memorial A"]
[Site "St. Petersburg RUS"]
[Date "2007.12.04"]
[Round "4.20"]
[White "Lovkov, Roman"]
[Black "Bodnaruk, Anastasia"]
[Result "1-0"]
[WhiteElo "2457"]
[BlackElo "2331"]
[PlyCount "115"]
[EventDate "2007.??.??"]

1. d4 Nf6 2. c4 g6 3. Nc3 Bg7 4. e4 d6 5. Nf3 O-O 6. h3 e5 7. d5 a5 8. Bg5 Na6
9. g4 Nc5 10. Nd2 c6 11. Qf3 a4 12. a3 Bd7 13. O-O-O h6 14. Be3 Ne8 15. Rg1 Qa5
16. Kb1 Nc7 17. g5 h5 18. Be2 Rab8 19. Rc1 cxd5 20. cxd5 b5 21. Na2 N7a6 22.
Rc3 Rb7 23. Rgc1 Rfb8 24. R1c2 Qd8 25. Qg3 Bf8 26. h4 Qe8 27. Bf1 Be7 28. f4 f6
29. Bh3 Bxh3 30. Qxh3 exf4 31. Bxf4 fxg5 32. hxg5 Bf8 33. e5 b4 34. axb4 Nxb4
35. Nxb4 Rxb4 36. Qe3 Bg7 37. Rc4 R4b5 38. exd6 Rxb2+ 39. Kc1 Nd3+ 40. Kd1 Qxe3
41. Bxe3 Rxc2 42. Kxc2 Ne5 43. Rxa4 Rd8 44. Ne4 Nf7 45. Bf4 h4 46. Ra7 h3 47.
Re7 Bf8 48. Re6 Kg7 49. Kd3 Ra8 50. Ke3 Ra2 51. d7 Ra7 52. Nf6 Bc5+ 53. Kd3 Ra4
54. Re8 Bf8 55. Bd6 Nxd6 56. d8=Q Ra3+ 57. Ke2 Nxe8 58. Qd7+ 1-0

[Event "M.Chigorin Memorial A"]
[Site "St. Petersburg RUS"]
[Date "2007.12.04"]
[Round "4.21"]
[White "Tarasova, Viktoriya"]
[Black "Pankov, German"]
[Result "1-0"]
[WhiteElo "2277"]
[BlackElo "2367"]
[PlyCount "67"]
[EventDate "2007.??.??"]

1. d4 d5 2. Nf3 Nf6 3. c4 c6 4. Nc3 dxc4 5. a4 Bf5 6. Ne5 Nbd7 7. Nxc4 Nb6 8.
Ne5 a5 9. Bg5 Nfd5 10. Bh4 Qd6 11. e4 f6 12. Nd3 Nxc3 13. bxc3 Bxe4 14. Nc5 Bd5
15. Rb1 Nd7 16. Bg3 e5 17. Nxd7 Qxd7 18. dxe5 Rd8 19. exf6 Bc5 20. Be2 O-O 21.
O-O Rxf6 22. c4 Be4 23. Rxb7 Qe8 24. Qc1 Qf8 25. h4 Rg6 26. Kh2 Bd6 27. f4 Qf6
28. h5 Rxg3 29. Kxg3 Rf8 30. c5 Be7 31. Rh1 Kh8 32. Qe3 Bd5 33. Rxe7 h6 34. Re8
1-0

[Event "M.Chigorin Memorial A"]
[Site "St. Petersburg RUS"]
[Date "2007.12.05"]
[Round "5.1"]
[White "Mamedov, Rauf"]
[Black "Andreikin, Dmitry"]
[Result "0-1"]
[WhiteElo "2582"]
[BlackElo "2555"]
[PlyCount "60"]
[EventDate "2007.??.??"]

1. e4 e5 2. Nf3 Nc6 3. Bb5 Nf6 4. O-O Nxe4 5. d4 Nd6 6. Bg5 Be7 7. Bxe7 Qxe7 8.
Nxe5 Nxe5 9. Re1 f6 10. dxe5 fxe5 11. Bd3 Nf7 12. Nc3 c6 13. Qg4 g6 14. f4 d6
15. Qg3 Be6 16. fxe5 dxe5 17. a4 O-O 18. a5 Kh8 19. Ra4 Bf5 20. Rh4 Bxd3 21.
cxd3 Rad8 22. d4 Rxd4 23. Rxd4 Qc5 24. Rf1 Kg7 25. Ne2 exd4 26. Nf4 Re8 27. Qb3
Qe7 28. Qc4 Qe3+ 29. Kh1 Nd6 30. Qb4 c5 0-1